| 000 | 00717nam a22002177a 4500 | ||
|---|---|---|---|
| 003 | OSt | ||
| 005 | 20140310181742.0 | ||
| 008 | 130323t xxu||||| |||| 00| 0 eng d | ||
| 020 | _a9789717891743 | ||
| 050 |
_aBF 697.5 _b.L547 1998 |
||
| 082 |
_aTR 158.121 _bL54 1988 |
||
| 245 |
_aWhen your best isn't good enough : _bthe secret of measuring up / _cDr. Kevin Leman. |
||
| 260 |
_aGrand Rapids, Mich. : _bRevell, _cc1998. |
||
| 300 |
_a253 p. ; _c22 cm. |
||
| 520 | _a1. Self-doubt. 2. Failure (Psychology) 3. Perfectionism (Personality trait). 4. Expectation (Psychology) 5. Self-perception. | ||
| 521 | _aFaculty | ||
| 541 | _j1 | ||
| 541 | _j2 | ||
| 562 | _e2 | ||
| 942 |
_2lcc _cBK-TR _kTR |
||
| 999 |
_c2827 _d2827 |
||